Handbook of Local Anesthesia (Record no. 28996)

MARC details
000 -LEADER
fixed length control field 00400nam a22001697a 4500
003 - CONTROL NUMBER IDENTIFIER
control field SGT
020 ## - INTERNATIONAL STANDARD BOOK NUMBER
International Standard Book Number 9788131257142
082 ## - DEWEY DECIMAL CLASSIFICATION NUMBER
Classification number 617.96
Item number H20M
100 ## - MAIN ENTRY--PERSONAL NAME
Personal name Malamed, Stanley F.
245 ## - TITLE STATEMENT
Title Handbook of Local Anesthesia
250 ## - EDITION STATEMENT
Edition statement 7th S.A.
260 ## - PUBLICATION, DISTRIBUTION, ETC. (IMPRINT)
Place of publication, distribution, etc India
Name of publisher, distributor, etc Elsevier
Year of Publication 2023
300 ## - PAGE DESCRIPTION
No. of Pages 445
650 ## - SUBJECT ADDED ENTRY--TOPICAL TERM
Topical term or geographic name as entry element Oral and Maxillofacial Surgery
653 ## - KEYWORDS--INDEX TERM
Keyword term Anesthesia
942 ## - ADDED ENTRY ELEMENTS (KOHA)
Source of classification or shelving scheme Dewey Decimal Classification
Koha item type Books
942 ## - ADDED ENTRY ELEMENTS (KOHA)
-- 27
Holdings
Withdrawn status Lost status Source of classification or shelving scheme Damaged status Not for loan Home library Current library Shelving location Date acquired SGTU Bill Number Total Checkouts Full call number Accession No. (Barcode) Checked out Date last seen Date last borrowed Bill Date Koha item type Total Renewals
    Dewey Decimal Classification     SGT Dental Library SGT Dental Library Text Book 15/01/2025 SGTU 20160 30 617.96 H20M FD9666 18/06/2026 04/06/2026 04/06/2026   Books  
    Dewey Decimal Classification     SGT Dental Library SGT Dental Library Text Book 15/01/2025 SGTU 20160 19 617.96 H20M FD9667   08/04/2026 25/03/2026   Books  
    Dewey Decimal Classification     SGT Dental Library SGT Dental Library Text Book 15/01/2025 SGTU 20160 23 617.96 H20M FD9668 13/06/2026 30/05/2026 30/05/2026   Books 1
    Dewey Decimal Classification     SGT Dental Library SGT Dental Library Text Book 15/01/2025 SGTU 20160 27 617.96 H20M FD9669 18/06/2026 04/06/2026 04/06/2026   Books  
    Dewey Decimal Classification     SGT Dental Library SGT Dental Library Text Book 15/01/2025 SGTU 20160 24 617.96 H20M FD9670 12/06/2026 29/05/2026 29/05/2026   Books